Quizz Pokémon 8G - Statistiques

Statistiques générales
  • Ce quiz a été pris 105 fois
  • Le résultat moyen est 54 sur 89
Statistiques - réponses
Nom % Correct
815 Pyrobut
94%
816 Larméléon
93%
813 Flambino
90%
812 Gorythmic
89%
810 Ouistempo
89%
818 Lézargus
87%
889 Zamazenta
86%
888 Zacian
84%
823 Corvaillus
83%
814 Lapyro
83%
821 Minisange
80%
831 Moumouton
77%
811 Badabouin
76%
892 Shifours
76%
822 Bleuseille
73%
890 Éthernatos
73%
858 Sorcilence
73%
817 Arrozard
71%
897 Spectreval
71%
896 Blizzeval
70%
887 Lanssorien
70%
832 Moumouflon
70%
856 Bibichut
69%
837 Charbi
69%
851 Scolocendre
69%
898 Sylveroy
69%
862 Ixon
67%
834 Torgamord
66%
857 Chapotus
64%
859 Grimalin
64%
895 Regidrago
64%
861 Angoliath
63%
826 Astronelle
63%
839 Monthracite
63%
894 Regieleki
63%
838 Wagomine
63%
891 Wushours
63%
885 Fantyrm
61%
850 Grillepattes
61%
828 Roublenard
61%
825 Coléodôme
60%
884 Duralugon
60%
860 Fourbelin
60%
833 Khélocrok
60%
824 Larvadar
60%
819 Rongourmand
60%
820 Rongrigou
60%
830 Blancoton
59%
886 Dispareptil
59%
827 Goupilou
59%
849 Salarsen
59%
848 Toxizap
59%
835 Voltoutou
59%
870 Hexadron
57%
893 Zarude
57%
867 Tutétékri
56%
847 Hastacuda
54%
865 Palarticho
54%
874 Dolman
53%
842 Dratatin
53%
836 Fulgudog
53%
882 Hydragon
53%
829 Tournicoton
53%
873 Beldeneige
51%
869 Charmilly
51%
846 Embrochet
51%
877 Morpeko
51%
840 Verpom
51%
844 Dunaconda
50%
883 Hydragla
50%
868 Crèmy
49%
866 M. Glaquette
49%
841 Pomdrapi
49%
875 Bekaglaçon
47%
863 Berserkatt
47%
864 Corayôme
47%
878 Charibari
46%
843 Dunaja
46%
872 Frissonille
46%
881 Galvagla
46%
852 Poulpaf
46%
880 Galvagon
44%
879 Pachyradjah
44%
854 Théffroi
44%
853 Krakos
43%
845 Nigosier
40%
855 Polthégeist
40%
871 Wattapik
37%
876 Wimessir
37%
Aucun quiz correspondant
Distribution des résultats
% des personnes avec chaque résultat
Percentile par nombre de réponses
Votre historique - résultats
Vous n’avez pas pris ce quiz